Amenaza invisible = Invisible Waves /
Asano comete adulterio con la esposa de su jefe y éste, al enterarse, decide vengarse y en consecuencia le ordena asesinar a su mujer. Después huye y a pesar de ello no puede escapar de su conciencia que lo atormenta de muchas formas, de tal manera que poco a poco adquirirá una desconfianza hacia sí...
Guardat en:
| Autor principal: | |
|---|---|
| Altres autors: | , , |
| Format: | |
| Publicat: |
México :
Séptimo Arte [distribución],
2008, c2008
|
| Matèries: | |
| Etiquetes: |
Sense etiquetes, Sigues el primer a etiquetar aquest registre!
|
MARC
| LEADER | 00000ngm^a2200000^a^4500 | ||
|---|---|---|---|
| 001 | 000297257 | ||
| 005 | 20250521000000.0 | ||
| 009 | 20260310112333.718 | ||
| 037 | |a Acervo ITESO - Biblioteca | ||
| 041 | |a OTR | ||
| 082 | |a 895. 91 |b RAT | ||
| 100 | |a Ratanaruang, Pen-Ek |e (realización) | ||
| 245 | 1 | 0 | |a Amenaza invisible = |b Invisible Waves / |c Realización de P.E. Ratanaruang. |
| 264 | 4 | |a México : |b Séptimo Arte [distribución], |c 2008, c2008 | |
| 300 | |a 1 DVD regiones 1 y 4 |c (100 min.) | ||
| 336 | |a imagen móvil bidimensional |b tdi |2 rdacontenido | ||
| 337 | |a video |b v |2 rdamedio | ||
| 338 | |a videodisco |b vd |2 rdasoporte | ||
| 520 | |a Asano comete adulterio con la esposa de su jefe y éste, al enterarse, decide vengarse y en consecuencia le ordena asesinar a su mujer. Después huye y a pesar de ello no puede escapar de su conciencia que lo atormenta de muchas formas, de tal manera que poco a poco adquirirá una desconfianza hacia sí mismo y hacia los demás. | ||
| 546 | |a En coreano, inglés, japonés, tailandés, con subtítulos opcionales: español, inglés | ||
| 649 | |a XX | ||
| 650 | |a Dramas Cinematográficos | ||
| 650 | |a Cine Tailandés - |y 1990-1999 | ||
| 650 | |a Cine Tailandés - |y Siglo XX | ||
| 650 | |a Envenenamiento | ||
| 650 | |a Culpa | ||
| 650 | |a Miedo | ||
| 650 | |a Relaciones de Pareja | ||
| 650 | |a Viajes y Travesías | ||
| 700 | |a Asano, Tadanobu |e (actuación) | ||
| 700 | |a Hye-jeong, Kang |e (actuación) | ||
| 700 | |a Tsang, Eric |e (actuación) | ||
| 910 | |a Fondo General | ||
| 920 | |a Audiovisuales - DVDs | ||
| 940 | |a Películas | ||
| 905 | |a 302 | ||
| 901 | |a 0500093725 |b IT2 |c DVS |i C116170 |u 20250521 | ||
| 902 | |a https://opac.biblio.iteso.mx/vufind/Record/000297257 | ||